|
|
|
|
| LEADER |
01320nam a2200301 a 4500 |
| 001 |
14749977 |
| 008 |
101010r2008 nju 001 0 eng d |
| 010 |
|
|
|a 2007008540
|
| 020 |
|
|
|a 9788120340046
|
| 020 |
|
|
|a 9780132251136
|
| 020 |
|
|
|a 0132251132
|
| 020 |
|
|
|a 9780136154297 (pbk.)
|
| 020 |
|
|
|a 0136154298 (pbk.)
|
| 040 |
|
|
|a DLC
|c DLC
|d YDX
|d BAKER
|d BTCTA
|d YDXCP
|d UKM
|d DLC
|d BD-DhAAL
|
| 082 |
0 |
0 |
|a 621.382
|2 22
|
| 100 |
1 |
|
|a Beasley, Jeffrey S.,
|d 1955-
|
| 245 |
1 |
0 |
|a Modern electronic communication /
|c Jeffrey S. Beasley, Gary M. Miller.
|
| 250 |
|
|
|a 9th ed.
|
| 260 |
|
|
|a Upper Saddle River, N.J. ;
|a New Delhi :
|b Pearson/Prentice Hall,
|c c2008. [Reprinted.]
|
| 300 |
|
|
|a xxxiii, 950 p. :
|b ill. (chiefly col.) ;
|c 26 cm. +
|e 1 CD-ROM (4 3/4 in.)
|
| 500 |
|
|
|a Includes index.
|
| 541 |
|
|
|e 00021300
|
| 650 |
|
0 |
|a Telecommunication.
|
| 700 |
1 |
|
|a Miller, Gary M.,
|d 1941-
|
| 852 |
4 |
|
|a Ayesha Abed Library
|j General shelf
|
| 999 |
|
|
|c 9713
|d 9713
|
| 952 |
|
|
|0 0
|1 0
|2 ddc
|4 0
|6 621_382000000000000_BEA_2008
|7 0
|9 12363
|a BRACUL
|b BRACUL
|c GEN
|d 2010-10-10
|e Trim Education
|g 1210.00
|l 2
|m 25
|o 621.382 BEA
|p 3010021300
|r 2024-09-26
|s 2024-06-27
|t 1
|w 2010-10-10
|y BK
|
| 952 |
|
|
|0 0
|1 0
|2 ddc
|4 0
|6 621_382000000000000_BEA_2008
|7 0
|9 13239
|a BRACUL
|b BRACUL
|c GEN
|d 2010-11-11
|e Trim Education
|l 0
|o 621.382 BEA
|p 4010021300
|r 2010-11-11
|t 1
|w 2010-11-11
|y BK
|